Whatever happened to the Egyptians? changes in Egyptian society from 1950 to the present /

Bibliographic Details
Main Author: Amin, Galal A., 1935-
Corporate Author: ProQuest (Firm)
Format: Electronic eBook
Language:English
Published: Cairo : American University in Cairo Press, c2000.
Subjects:
Online Access:Click to View
LEADER 01469nam a2200385Ia 4500
001 EBC3114741
003 MiAaPQ
005 20200520144314.0
006 m o d |
007 cr cn|||||||||
008 010801s2000 ua a sb 000 0 eng d
010 |z  2001303803 
020 |z 9774245598 (pbk.) 
020 |z 9789774245596 
035 |a (MiAaPQ)EBC3114741 
035 |a (Au-PeEL)EBL3114741 
035 |a (CaPaEBR)ebr10409552 
035 |a (OCoLC)948377887 
040 |a MiAaPQ  |c MiAaPQ  |d MiAaPQ 
050 4 |a HN786.A8  |b A4513 2000 
082 0 4 |a 306/.0962  |2 21 
100 1 |a Amin, Galal A.,  |d 1935- 
240 1 0 |a Madha hadatha lil-Misriyin.  |l English 
245 1 0 |a Whatever happened to the Egyptians?  |h [electronic resource] :  |b changes in Egyptian society from 1950 to the present /  |c Galal Amin ; illustrations by Golo. 
260 |a Cairo :  |b American University in Cairo Press,  |c c2000. 
300 |a 177 p. :  |b ill. 
504 |a Includes bibliographical references (p. 175-177). 
533 |a Electronic reproduction. Ann Arbor, MI : ProQuest, 2015. Available via World Wide Web. Access may be limited to ProQuest affiliated libraries. 
650 0 |a Egyptians. 
651 0 |a Egypt  |x Economic conditions. 
651 0 |a Egypt  |x Social conditions. 
651 0 |a Egypt  |x Social life and customs. 
655 4 |a Electronic books. 
710 2 |a ProQuest (Firm) 
856 4 0 |u https://ebookcentral.proquest.com/lib/matrademy/detail.action?docID=3114741  |z Click to View